000 00349 a2200169 4500
001 56813
020 _a9788526008885
040 _cAnchieta - Pituba
100 _aGaldino, Luiz
240 1 0 _aPrimeiro amor
_lpor
245 1 0 _aPrimeiro amor
300 _a74
362 0 _a2005
440 1 _aGlobal
650 4 _aLiteratura juvenil
942 _cBK
999 _c56813
_d56813